Statystyki dla W JAKI SPOSÓB SIĘ WITAMY?

Kliknij tutaj aby rozwiązać quiz!

Ogólne statystyki

  • Ten quiz został rozwiązany 74 razy
  • Średni wynik to 6 z 7

Statystyki odpowiedzi

Odpowiedź% Poprawnych
SIEMA
96%
HEJ
95%
DZIEŃ DOBRY
91%
CZEŚĆ
88%
ELO
84%
WITAM
77%
ELUWINA
26%

Rozkład punktacji

Percentyl według liczby udzielonych odpowiedzi

Procent ludzi z każdym wynikiem

Twoja historia wyników

Nie rozwiązałeś tego quizu